000 00528nam a2200181 4500
001 116132
003 ES-MaACL
005 20230906190637.0
007 t|
008 061121s1969 sp r ||||1| spa d
100 1 _aParis, Robert.
_989145
245 1 4 _aLos orígenes del fascismo /
_cRobert Paris ; [traducción de Josep Mas Godayol].
250 _a[1ª ed.].
260 _aBarcelona :
_bPenínsula,
_c1969.
300 _a162 p. ;
_c18 cm.
700 1 _aMas Godayol, José.
_978634
852 _aES-MaACL
_jC-52276
_bR.72095
999 _c116132
_d116132